| 000 | 00523 a2200169 4500 | ||
|---|---|---|---|
| 003 | NUST | ||
| 005 | 20230223175429.0 | ||
| 020 | _a0195793048 | ||
| 040 | _cNust | ||
| 082 | _a355.02,LEV | ||
| 100 |
_a Levitt, Jeffrey M _9109537 |
||
| 245 |
_aDehshat Gardi ke Khilaaf Jumeri Mumalik Jeffrey. M. Lyurt / دہشت گردی کے خلاف جمہوری ممالک (Urdu) / _c Jeffrey. M. Levitt |
||
| 260 |
_bOxford University Press _aKarachi _c2000 |
||
| 300 | _a150:p. | ||
| 650 | _aTerrorism | ||
| 942 |
_2ddc _cBK _k355.02,LEV |
||
| 999 |
_c188009 _d188009 |
||